Zdokonaľovanie podnikateľského modelu vo vybranom podniku diplomová práca
Uložené v:
| Hlavný autor: | |
|---|---|
| Korporativný autor: | |
| Ďalší autori: | |
| Médium: | Kniha |
| Jazyk: | Slovak |
| Vydavateľské údaje: |
Bratislava
2014
|
| Tagy: |
Žiadne tagy, Buďte prvý, kto otaguje tento záznam!
|
MARC
| LEADER | 00000nbm a2200000 4500 | ||
|---|---|---|---|
| 001 | 0187835 | ||
| 005 | 20170201091357.8 | ||
| 041 | 0 | |a slo | |
| 044 | |a SK | ||
| 245 | 1 | 0 | |a Zdokonaľovanie podnikateľského modelu vo vybranom podniku |b diplomová práca |c Barbora Lintnerová ; školiteľ: Ivana Mišúnová Hudáková |
| 264 | 1 | |a Bratislava |c 2014 | |
| 300 | |a 63 s. | ||
| 100 | 1 | |a Lintnerová, Barbora | |
| 700 | 1 | |a Mišúnová Hudáková, Ivana, 1976- | |
| 710 | 2 | |a Fakulta podnikového manažmentu EU. Katedra manažmentu | |